000 00454nam a2200181Ia 4500
001 11927
005 20260306162904.0
008 260306t2023||||xx |||||||||||||| ||spa||
041 _aESP
082 _aHR 327
_bN° 133 ENE-JUN 2023 PI
100 _aMeza-Cuadra Velásquez, Gustavo,
_eAUT
245 0 _aPolítica internacional
260 _c2023
300 _a246 páginas :
_c24 cm.
650 _aGEN
654 _aCDE
942 _cREV
_dJUS
_fJUS
_2ddc
_n
999 _c11927
_d11927